000 00965nam a2200313 i 4500
003 EG-GICUC
005 20260420121346.0
008 260420s1922 fr aaaafr|||| 00| 0 fre d
040 _aEG-GiCUC
_bfre
_cEG-GiCUC
_dEG-GiCUC
_eRda
041 _afre
082 0 4 _221
_a343.67
_bRO . R
092 0 4 _221
099 _aLaw1 10 343.67 RO . R 1922
100 1 _aRoux, J-A
_eAuteur
245 1 _aRépression et prévention /
_cpar J.-A. Roux.
246 3 0 _aLa défense contre le crime
264 1 _aParis :
_b Librairie Félix Alcan,
_c1922.
300 _a282page;
_c 24 cm.
336 _2rda contenu
_a texte
337 _2rda medias
_aOrdinateur
338 _2 transporteur rda
_a Ressource en ligne
546 _aTexte en français
650 1 _aDroit pénal
_zFrance
_2qrmak
650 1 _a Prévention de la criminalité
651 1 _2qrmak
856 4 0 _uhttps://fll.law.cu.edu.eg/fulltext/bks/B10-10632.pdf
905 _a167
942 _2ddc
_cBK
_e21
_n0
999 _c72101
_d72101